000
00366nam a22001577a 4500
003
MPLRDC
005
20220104143353.0
008
210129b ||||| |||| 00| 0 eng d
082
_a
448.8 XWL
100
_a
薛文洛编著
245
_a
无线电应用手册
_c
260
_a
_b
香港万里书店
_c
1964
300
_b
平
650
_a
942
_c
BK
_o
448.8 XWL
999
_c
39238
_d
39228